Trilogía infantil : (Registro nro. 8246)

Detalles MARC
000 -LIDER
fixed length control field 01210nam a2200313 a 4500
001 - NÚMERO DE CONTROL
Identificador de número de control 000005852
003 - IDENTIFICACDOR DE NÚMERO DE CONTROL
control field DO-SdBPM
005 - DATE AND TIME OF LATEST TRANSACTION
control field 20250122114342.0
007 - CAMPOS FIJOS DE DESCRIPCIÓN FÍSICA
fixed length control field 000005852
008 - ELEMENTOS DE LONGITUD FIJA
fixed length control field 090824s2017 dr a 000 j spa d
020 ## - ISBN
International Standard Book Number 9789945165098
040 ## - FUENTE DE CATALOGACIÓN
Agencia que crea de manera original el registro DO-SdBPM
Idioma de catalogación spa
Agencia que realiza la transcripción BPMSU
082 #4 - NÚMERO DE CLASIFICACIÓN DECIMAL DE DEWEY
Classification number RD863.5
Item number J58t 2017
Edition number 22
092 ## - LOCALLY ASSIGNED DEWEY DECIMAL CALL NUMBER
Número de clasificación xxxx
Número de ítem (Cutter) xxxx
100 1# - ASIENTO PRINCIPAL -- NOMBRE PERSONAL
Nombre personal Jesús Ulerio, Luis Felipe De,
Fechas asociadas con el nombre 1970-
245 10 - MENCIÓN DE TITULO
Título Trilogía infantil :
Subtítulo Jade y la fiesta de la hermanita /
Mención de responsabilidad Luis Felipe De Jesús Ulerio.
250 ## - MENCIÓN DE EDICION
Mención de edición 2a. ed.
260 ## - PUBLICACIÓN, DISTRIBUCIÓN, ETC. (PIE DE IMPRENTA)
Lugar de publicación, distribución, etc Santo Domingo :
Nombre del editor, distribuidor, etc. Editora Búho,
Fecha de publicación, distribución, etc 2012
Fecha de impresión 2017
300 ## - DESCRIPCIÓN FÍSICA
Extensión 39 p. :
Otros detalles físicos il. ;
Dimensiones 22 cm.
490 #0 - MENCIÓN DE SERIES
Mención de serie Los cuentos de Luisito
500 ## - NOTA GENERAL
Nota general Incluye datos biográficos del autor en la contracubierta.
500 ## - NOTA GENERAL
Nota general Incluye guía de actividades y juegos infantiles
505 0# - NOTA DE CONTENIDO
Texto normalizado de contenido Primera trilogía infantil ; los cuentos de Luisito --
Información miscelánea Libro I
Título Jade y los amigos inseparables
Información miscelánea Libro II :
Título Jade y el pollito amarillo
Información miscelánea Libro III :
Título Jade y la fiesta de la hermanita
590 ## - NOTA LOCAL
Texto de la nota local Inventariado, 2025/VM
650 #4 - ENCABEZAMIENTO DE MATERIA--TEMÁTICO
Término temático o nombre geográfico como elemento de entrada Cuenetos infantiles dominicanos
650 #4 - ENCABEZAMIENTO DE MATERIA--TEMÁTICO
Término temático o nombre geográfico como elemento de entrada Literatura infantil dominicana
910 ## - VALIDACIÓN
Validación VMateo V. Control de calidad. BPMSU
942 ## - ADDED ENTRY ELEMENTS (KOHA)
Source of classification or shelving scheme Dewey Decimal Classification
Koha item type Libros
Existencias
Withdrawn status Lost status Source of classification or shelving scheme Damaged status Not for loan Collection code Home library Current library Date acquired Source of acquisition Total Checkouts Full call number Barcode Date last seen Copy number Price effective from Koha item type
    Dewey Decimal Classification     Colección Infantil Dominicana Biblioteca Pública Metropolitana Salomé Ureña Biblioteca Pública Metropolitana Salomé Ureña 09/09/2015 Editora Búho   BPMSU CDI RD863.5 J58t 2017 BPMSU15090009 09/09/2015 v.3 09/09/2015 Libros
    Dewey Decimal Classification     Colección Infantil Dominicana Biblioteca Pública Metropolitana Salomé Ureña Biblioteca Pública Metropolitana Salomé Ureña 09/09/2015     BPMSU CDI RD863.5 J58t 2017 BPMSU15090010 09/09/2015 v.3, e.2 09/09/2015 Libros
    Dewey Decimal Classification     Colección Infantil Dominicana Biblioteca Pública Metropolitana Salomé Ureña Biblioteca Pública Metropolitana Salomé Ureña 09/09/2015     BPMSU CDI RD863.5 J58t 2017 BPMSU15090011 09/09/2015 v. 3, e.3 09/09/2015 Libros